| 000 | 00597nam a2200205 i 4500 | ||
|---|---|---|---|
| 001 | bgj | ||
| 100 | 1 |
_aBÖLL, Heinrich _d(1917-1985) |
|
| 245 | 1 | 0 |
_aWeil die Stadt so fremd geworden ist... : _bGespräche / _cHeinrich Böll, Heinrich Vormweg. |
| 260 |
_aMünchen : _bDeutscher Taschenbuch Verlag, _c1987. |
||
| 300 |
_a127, [1] S. ; _c18 cm. |
||
| 600 | 1 | 9 | _aBöll, Heinrich 1917-1985 |
| 655 | _aGespräch | ||
| 700 | 1 | _aVORMWEG, Heinrich | |
| 020 | _a3423107545 | ||
| 040 | _cBPK | ||
| 041 | 0 | _ager | |
| 920 | _a3-423-10754-5 | ||
| 942 | _cKS | ||
| 008 | s gw f |000 0 ger | ||
| 999 |
_c50543 _d50543 |
||
| 856 |
_uhttp://koha.tu.koszalin.pl/cgi-bin/koha/opac-detail.pl?biblionumber=50543 _yKatalog online BPK |
||